[Event "SK Bocholt 1 - SC Klein-Berlin Rheine 1"]
[Site "Regionalliga 2016/2017"]
[Date "2017.03.11"]
[Round "7.6"]
[White "Naumann, Felix"]
[Black "Averkamp-Peters, Jens"]
[Result "0-1"]
[WhiteElo "1799"]
[BlackElo "1908"]
[PlyCount "83"]
[EventDate "2017.??.??"]
[SourceDate "2016.10.07"]

1. d4 d5 2. Nf3 Nf6 3. Bf4 e6 4. e3 Bd6 5. Bg3 O-O 6. Bd3 c5 7. c3 Nc6 8. Nbd2
Re8 9. O-O Bxg3 10. hxg3 e5 11. Bb5 Nd7 12. dxc5 Nxc5 13. b4 Nd7 14. Nb3 a6 15.
Be2 Nf6 16. Rc1 Bg4 17. Nc5 Qe7 18. Qc2 Rac8 19. Qb2 e4 20. Nd4 Nxd4 21. cxd4
Rc7 22. a4 Rec8 23. a5 h6 24. Rc3 Bxe2 25. Qxe2 Rc6 26. Rb3 Ne8 27. b5 axb5 28.
Qxb5 Nd6 29. Qa4 R6c7 30. Rfb1 Ra8 31. Qa2 Ra7 32. Rb4 Nc4 33. Ra4 Qd8 34. Rb5
Kh7 35. Rab4 b6 36. Nb3 bxa5 37. Ra4 Qg5 38. Nc5 Qg4 39. Qc2 h5 40. Rb8 g6 41.
Qb3 Nd2 42. Qxd5 0-1

[Event "SK Bocholt 1 - SC Klein-Berlin Rheine 1"]
[Site "Regionalliga 2016/2017"]
[Date "2017.03.11"]
[Round "7.7"]
[White "Hemmert, Michael"]
[Black "Hunhoff, Andreas"]
[Result "0-1"]
[WhiteElo "1828"]
[BlackElo "1839"]
[PlyCount "46"]
[EventDate "2017.??.??"]
[SourceDate "2016.10.07"]

1. d4 f5 2. g3 Nf6 3. Bg2 e6 4. c4 c6 5. Nc3 d5 6. c5 b6 7. b4 a5 8. Na4 Nbd7
9. bxa5 bxc5 10. Bd2 Ba6 11. Qc2 c4 12. Nh3 Bd6 13. Nf4 Qe7 14. Rb1 O-O 15. O-O
c5 16. dxc5 Nxc5 17. Nb6 Rab8 18. h4 Nce4 19. Be3 Ng4 20. Qc1 Nxe3 21. Qxe3 Bc5
22. Qc1 Nxg3 23. Nxe6 Nxe2+ 0-1

[Event "SK Bocholt 1 - SC Klein-Berlin Rheine 1"]
[Site "Regionalliga 2016/2017"]
[Date "2017.03.11"]
[Round "7.8"]
[White "Wüstnienhaus, Andreas"]
[Black "van Dijk, Guido"]
[Result "1/2-1/2"]
[WhiteElo "1888"]
[BlackElo "1712"]
[PlyCount "31"]
[EventDate "2017.??.??"]
[SourceDate "2016.10.07"]

1. d4 c6 2. c4 d5 3. cxd5 cxd5 4. Nc3 Nf6 5. Nf3 Nc6 6. Bg5 e6 7. e3 Bb4 8. Qb3
O-O 9. Rc1 h6 10. Bh4 Qb6 11. Bd3 Bxc3+ 12. Rxc3 Qxb3 13. Rxb3 b6 14. Ke2 Bb7
15. Rc1 Rfc8 16. a3 1/2-1/2

[Event "Schach Nienberge 1 - SC Steinfurt 1"]
[Site "Regionalliga 2016/2017"]
[Date "2017.03.11"]
[Round "7.1"]
[White "Haselhorst, Helmut"]
[Black "Remmeke, Hans"]
[Result "0-1"]
[WhiteElo "1949"]
[BlackElo "2134"]
[PlyCount "48"]
[EventDate "2017.??.??"]
[SourceDate "2016.10.07"]

1. c4 e5 2. Nc3 Bb4 3. g3 Bxc3 4. dxc3 d6 5. Bg2 Nc6 6. Nf3 h6 7. O-O Be6 8. b3
Qd7 9. Re1 Bh3 10. Bh1 Nge7 11. Nd2 Ng6 12. Nf1 h5 13. Ne3 h4 14. Nd5 Nd8 15.
e4 hxg3 16. hxg3 Ne6 17. Bf3 O-O-O 18. Bg4 Kb8 19. Be3 Bxg4 20. Qxg4 Rh7 21.
Kg2 Rdh8 22. Kf3 Rh3 23. Kg2 Nef4+ 24. Kf3 Nh4+ 0-1

[Event "Schach Nienberge 1 - SC Steinfurt 1"]
[Site "Regionalliga 2016/2017"]
[Date "2017.03.11"]
[Round "7.2"]
[White "Ringwelski, Marius"]
[Black "Engels, Natia"]
[Result "1-0"]
[WhiteElo "2032"]
[BlackElo "2042"]
[PlyCount "87"]
[EventDate "2017.??.??"]
[SourceDate "2016.10.07"]

1. d4 Nf6 2. c4 e6 3. Nf3 b6 4. g3 Bb7 5. Bg2 Bb4+ 6. Bd2 Qe7 7. O-O O-O 8. Bf4
d5 9. cxd5 exd5 10. Nc3 Ne4 11. Nb5 Na6 12. Rc1 c6 13. Nc3 Nxc3 14. bxc3 Ba3
15. Rb1 Nc7 16. Qc2 Ne6 17. Bd2 Rfd8 18. Nh4 Qf6 19. e4 dxe4 20. Bxe4 g6 21.
Qa4 Be7 22. Nf3 b5 23. Qc2 Bd6 24. h4 Qg7 25. Kg2 f5 26. Bd3 a6 27. Rfe1 Qf7
28. Qb3 Re8 29. Bc4 Bc8 30. Ng5 bxc4 31. Nxf7 cxb3 32. Nxd6 bxa2 33. Ra1 Bd7
34. Nxe8 Rxe8 35. Rxa2 Ra8 36. Ra5 Bc8 37. Rb1 Kf7 38. Rb6 Nc7 39. c4 Ke8 40.
d5 cxd5 41. cxd5 Kd7 42. Bf4 Ra7 43. Rd6+ Ke7 44. Rc6 1-0

[Event "Schach Nienberge 1 - SC Steinfurt 1"]
[Site "Regionalliga 2016/2017"]
[Date "2017.03.11"]
[Round "7.3"]
[White "Grälken, Matthias"]
[Black "Kemper, Georg"]
[Result "1/2-1/2"]
[WhiteElo "2021"]
[BlackElo "1914"]
[PlyCount "28"]
[EventDate "2017.??.??"]
[SourceDate "2016.10.07"]

1. d4 e6 2. Nf3 f5 3. Bf4 Nf6 4. e3 b6 5. Be2 Bb7 6. O-O Be7 7. c4 O-O 8. Nc3
c6 9. Qc2 d5 10. cxd5 Nxd5 11. Nxd5 cxd5 12. a3 Nc6 13. Ne5 Nxe5 14. Bxe5 Rc8
1/2-1/2

[Event "Schach Nienberge 1 - SC Steinfurt 1"]
[Site "Regionalliga 2016/2017"]
[Date "2017.03.11"]
[Round "7.4"]
[White "Gottkehaskamp, Philipp"]
[Black "Freitag, Julia"]
[Result "1/2-1/2"]
[WhiteElo "1926"]
[BlackElo "2076"]
[PlyCount "89"]
[EventDate "2017.??.??"]
[SourceDate "2016.10.07"]

1. e4 e6 2. d3 d5 3. Qe2 Be7 4. g3 c5 5. Bg2 Nc6 6. Nf3 Nf6 7. O-O b6 8. e5 Nd7
9. c4 d4 10. Nfd2 Bb7 11. f4 Qc7 12. Na3 a6 13. Nc2 g5 14. Qh5 gxf4 15. gxf4
Rg8 16. Ne4 Rg6 17. Rf3 O-O-O 18. Qxh7 Rdg8 19. Rg3 Nd8 20. Qxg8 Rxg8 21. Rxg8
f6 22. Rg7 Bf8 23. Rg8 fxe5 24. fxe5 Qxe5 25. Bg5 Nf7 26. Be7 Bxe4 27. Bxe4 Nh6
28. Rg5 Qc7 29. Bxf8 Nxf8 30. Rf1 Qe7 31. Rg3 Nd7 32. Rg6 Qh4 33. Ne1 Ng4 34.
Nf3 Qh3 35. Rxe6 Ne3 36. Re8+ Kc7 37. Rf2 Qh5 38. Re7 Kd6 39. Rg7 Ne5 40. Rg3
N5g4 41. Rd2 b5 42. b3 b4 43. h3 Nf6 44. Bg6 Qh6 45. Re2 1/2-1/2

[Event "Schach Nienberge 1 - SC Steinfurt 1"]
[Site "Regionalliga 2016/2017"]
[Date "2017.03.11"]
[Round "7.5"]
[White "Wild, Helmut"]
[Black "Haas, Kai Markus"]
[Result "0-1"]
[WhiteElo "1922"]
[BlackElo "1963"]
[PlyCount "80"]
[EventDate "2017.??.??"]
[SourceDate "2016.10.07"]

1. c4 g6 2. Nf3 Bg7 3. e4 d6 4. d4 Nd7 5. Nc3 e5 6. Be2 Ngf6 7. O-O O-O 8. h3
Re8 9. d5 h6 10. Be3 Nf8 11. Qd2 g5 12. Nh2 Ng6 13. b4 Nf4 14. Bd1 a5 15. Ba4
axb4 16. Bxe8 bxc3 17. Bxf7+ Kxf7 18. Qc2 Bd7 19. a4 b6 20. Ra3 Qe8 21. Rfa1
Ra5 22. f3 Qa8 23. Bc1 Qa6 24. Kf2 h5 25. Nf1 g4 26. hxg4 hxg4 27. Ne3 gxf3 28.
Kxf3 Qc8 29. Nf5 Bxf5 30. exf5 Qh8 31. Bxf4 exf4 32. Kxf4 Qh4+ 33. Kf3 Qg4+ 34.
Kf2 Ne4+ 35. Ke3 Bh6+ 36. Kd4 Nd2+ 37. Kxc3 Qxc4+ 38. Kb2 Qb4+ 39. Ka2 Nc4 40.
Qe2 Qxa3+ 0-1

[Event "Schach Nienberge 1 - SC Steinfurt 1"]
[Site "Regionalliga 2016/2017"]
[Date "2017.03.11"]
[Round "7.6"]
[White "Gottkehaskamp, Stefan"]
[Black "Arning, Marcus"]
[Result "1/2-1/2"]
[WhiteElo "1974"]
[BlackElo "1839"]
[PlyCount "57"]
[EventDate "2017.??.??"]
[SourceDate "2016.10.07"]

1. d4 Nf6 2. Bf4 b6 3. e3 Bb7 4. Nf3 e6 5. Nbd2 Nh5 6. Bg5 Be7 7. Bxe7 Qxe7 8.
Bd3 d6 9. O-O Nd7 10. c3 g6 11. Qa4 e5 12. dxe5 dxe5 13. Bb5 Nhf6 14. Bc6 O-O-O
15. Rfd1 Nc5 16. Bxb7+ Kxb7 17. Qh4 e4 18. Nd4 Qe5 19. Nc4 Qe7 20. a4 Rd7 21.
a5 Rhd8 22. h3 Nb3 23. a6+ Ka8 24. Ra3 Nxd4 25. Rxd4 c5 26. Rxd7 Rxd7 27. Ra1
h5 28. Qf4 Qe6 29. Na3 1/2-1/2

[Event "Schach Nienberge 1 - SC Steinfurt 1"]
[Site "Regionalliga 2016/2017"]
[Date "2017.03.11"]
[Round "7.7"]
[White "Janning, Rainer"]
[Black "Althoff, Franz"]
[Result "1-0"]
[WhiteElo "1887"]
[BlackElo "2011"]
[PlyCount "131"]
[EventDate "2017.??.??"]
[SourceDate "2016.10.07"]

1. f4 c5 2. Nf3 Nf6 3. e3 Nc6 4. d3 d6 5. Be2 g6 6. O-O Bg7 7. Nc3 O-O 8. Qe1
d5 9. a3 d4 10. Nd1 dxe3 11. Nxe3 Rb8 12. Qh4 Nd4 13. Bd1 Nf5 14. Nxf5 Bxf5 15.
Qf2 h5 16. h3 Qd6 17. Kh1 Nd5 18. Ng5 Bd4 19. Qg3 Kg7 20. Bxh5 Rh8 21. Bg4 Qd7
22. Bxf5 Qxf5 23. Ne4 Rh5 24. c3 Rbh8 25. Rf3 Bf6 26. Nxf6 Qxf6 27. Bd2 b5 28.
Rb1 Qf5 29. Re1 Qd7 30. Re5 Rf5 31. Qf2 Rc8 32. Qe2 Rc7 33. Rxf5 Qxf5 34. g4
Qd7 35. f5 c4 36. d4 Rc6 37. Qf2 Qe8 38. Qg3 Nf6 39. fxg6 fxg6 40. Qe5 Kg8 41.
Bh6 Qd7 42. g5 Re6 43. gxf6 exf6 44. Qg3 Kh7 45. Be3 Qc6 46. Kg1 Qe4 47. Qf4
Qb1+ 48. Rf1 Qd3 49. Qh6+ Kg8 50. Re1 g5 51. Bf2 Rxe1+ 52. Bxe1 Kf7 53. Qh5+
Kg7 54. Qg4 Qe3+ 55. Kf1 Qd3+ 56. Kf2 Kh6 57. Qf3 Qc2+ 58. Qe2 Qf5+ 59. Kg2 a5
60. Bf2 Kg6 61. Bg3 Kh6 62. Kh2 Qb1 63. d5 Qf5 64. Qd2 Qd7 65. d6 f5 66. h4 1-0

[Event "Schach Nienberge 1 - SC Steinfurt 1"]
[Site "Regionalliga 2016/2017"]
[Date "2017.03.11"]
[Round "7.8"]
[White "Keller, Dirk"]
[Black "Raue, Thorsten"]
[Result "1/2-1/2"]
[WhiteElo "1893"]
[BlackElo "1797"]
[PlyCount "29"]
[EventDate "2017.??.??"]
[SourceDate "2016.10.07"]

1. c4 Nf6 2. Nc3 c5 3. g3 Nc6 4. Bg2 g6 5. Nf3 Bg7 6. O-O O-O 7. d4 cxd4 8.
Nxd4 Nxd4 9. Qxd4 d6 10. Qd3 Rb8 11. Be3 a6 12. Ba7 Ra8 13. Bd4 Rb8 14. h3 Be6
15. Ba7 1/2-1/2